000 00598nam a2200193 a 4500
001 7480
003 CO-ViMGA
008 141112s2004 ck r 000 u spa d
040 _aCO-ViMGA
_bspa
_cCO-ViMGA
082 0 4 _a343.056 C656l
100 1 _aColombia. Leyes y decretos
_951219
245 1 0 _aLegislación aduanera :
_bdecreto 2011 de 1973, decreto 1944 de 1984, decreto 2666 de 1984 parte vigente
250 _a7a
260 _aSantafé de Bogotá :
_bPublicitaria,
_c1996
300 _a196 p
490 _aBiblioteca actualidad juridica
650 1 4 _aADUANAS - LEGISLACION
942 _2ddc
_cBK
999 _c19427
_d19427